Život úspěšného studenta na vysoké škole

Využitie projekčnej metódy koláže vo výskume zameraného na úspešného vysokoškolského študenta. Téma koláže - život úspešného študenta na vysokej škole. Hlavné charakteristiky úspešného študenta podľa vysokoškolských študentov a doktorandov: sebariadenie, prekonávanie prekážok, zvládanie neúspechu, z...

Full description

Saved in:
Bibliographic Details
Main Author: Matošková, Jana
Other Authors: Potočková, Gabriela
Format: Book Chapter
Language:Czech
Subjects:
Tags: Add Tag
No Tags, Be the first to tag this record!

MARC

LEADER 00000naa a2200000 4500
001 0226912
005 20221019173106.1
041 0 |a cze 
044 |a CZ 
245 1 0 |a Život úspěšného studenta na vysoké škole  |c Jana Matošková, Gabriela Potočková 
520 |a Využitie projekčnej metódy koláže vo výskume zameraného na úspešného vysokoškolského študenta. Téma koláže - život úspešného študenta na vysokej škole. Hlavné charakteristiky úspešného študenta podľa vysokoškolských študentov a doktorandov: sebariadenie, prekonávanie prekážok, zvládanie neúspechu, znalosť životného cieľa, vnútorná motivácia a ochota odlíšiť sa od priemeru. V kolážach sa neobjavil učiteľ ani knižnica. 
610 2 0 |a školy vysoké 
610 2 0 |a vzdelávanie vysokoškolské 
610 2 0 |a študenti 
610 2 0 |a projekty 
610 2 0 |a výskum 
610 2 0 |a Česko 
100 1 |a Matošková, Jana 
700 1 |a Potočková, Gabriela